| 000 | 00466cam a22001934a 4500 | ||
|---|---|---|---|
| 005 | 20251217162127.0 | ||
| 008 | 250528s ||||||||||||||||||||||||d | ||
| 035 | _a22591 | ||
| 020 | _a9780534211080 | ||
| 040 |
_aGR-AtMCL _bgre _dGR-AtMCL _eAACR2 |
||
| 245 | 1 | _aBIOLOGICAL PSYCHOLOGY | |
| 250 | _a1 | ||
| 260 |
_bBrooks/Cole Publishing Company, _c1992 |
||
| 300 | _a675 | ||
| 700 | 1 |
_aKalat, James W. _9300 |
|
| 942 | _cBK | ||
| 999 |
_c7639 _d7639 |
||